| 000 | 00619nam a2200253Ia 4500 | ||
|---|---|---|---|
| 008 | 171120s9999 xx 000 0 und d | ||
| 020 | _a9.7897127229e+012 | ||
| 050 | _a234 | ||
| 050 | _bB814 2009 | ||
| 100 | _aBrainard, Cecilia | ||
| 245 | _aFinding God : | ||
| 245 | _btrue stories of spiritual encounters / | ||
| 245 | _cby Cecilia Brainard. | ||
| 260 | _aPhilippines : | ||
| 260 | _bAnvil, | ||
| 260 | _c2009 | ||
| 300 | _a158 pages : | ||
| 300 | _billustrations ; | ||
| 300 | _c22cm. | ||
| 650 | _aChristian life -- | ||
| 650 | _aSalvation. | ||
| 650 | _xSteps to Christ. | ||
| 700 | _aTitle. | ||
| 999 |
_c345447 _d345447 |
||